| 000 | 01810nam a22003015a 4500 | ||
|---|---|---|---|
| 003 | OSt | ||
| 005 | 20170214121555.0 | ||
| 008 | 161127s2016 ua frb 000 0 ara d | ||
| 015 | _a2003 / 11068 | ||
| 020 | _a9770441708 | ||
| 040 |
_aEG-ScBUE _bara _cEG-ScBUE |
||
| 043 | _af-ua--- | ||
| 082 | 0 | 4 |
_a346.62048 _bق ل ي _222 |
| 100 | 1 | _aقليوبي، سميحة. | |
| 245 | 1 | 2 |
_aالملكية الصناعية : _bبراءات الاختراع - نماذج المنفعة... : وفقا لأحكام قانون حماية الملكية الفكرية رقم 82 لسنة 2002 ولائحته التنفيذية واتفاقية التربس / _cسميحة القليوبي. |
| 250 | _aط. 10. | ||
| 260 |
_aالقاهرة : _bدار النهضة العربية، _c2016. |
||
| 300 |
_a1045 ص. ؛ _c24 سم. |
||
| 504 | _aيشتمل على إرجاعات ببليوجرافية. | ||
| 505 | _aبراءات الاختراع - نماذج المنفعة - التصميمات التخطيطية للدوائر المتكاملة - المعلومات غير المفصح عنها - العلامات والبيانات التجارية والمؤشرات الجغرافية - التصميمات والنماذج الصناعية - الأصناف النباتية - الإسم التجاري. | ||
| 630 | 7 |
_aاتفاقية الجوانب المتصلة بالتجارة من حقوق الملكية الفكرية _d(15 إبريل 1994) _2BUEsh |
|
| 650 | 7 |
_aالملكية الصناعية _xقوانين وتشريعات _zمصر. _2BUEsh |
|
| 650 | 7 |
_aبراءات الاختراع _xقوانين وتشريعات _zمصر. _2BUEsh _941045 |
|
| 650 | 7 |
_aالعلامات التجارية _xقوانين وتشريعات _zمصر. _2BUEsh |
|
| 651 | _2BUEsh | ||
| 653 |
_bLLAAWW _cNovember2016 |
||
| 942 | _2ddc | ||
| 999 |
_c23353 _d23325 |
||